Logo BPK

Biblioteka

Politechniki Koszalińskiej

Topografia obcego : (Rekord nr 41872)

Szczegóły MARC
000 -ETYKIETA REKORDU
podpole kontrolne o stałej długości 01006nam a2200289 i 4500
001 - NUMER KONTROLNY REKORDU
pole kontrolne bg
020 ## - MIĘDZYNARODOWY ZNORMALIZOWANY NUMER KSIĄŻKI - ISBN
ISBN 838816452X
040 ## - ŹRÓDŁO KATALOGOWANIA
Instytucja, która utworzyła rekord BPK
041 1# - KOD JĘZYKA
Kod języka tekstu pl
Kod języka oryginału de
080 ## - UNIWERSALNA KLASYFIKACJA DZIESIĘTNA - UKD
UKD 165(430)"19"A/Z
920 ## - Międzynarodowy znormalizowany numer książki – ISBN
ISBN 83-88164-52-X
008 - POLE O STAŁEJ DŁUGOŚCI - DANE KONTROLNE
podpole kontrolne o stałej długości s pl f |000 0 pol
100 1# - NAZWA OSOBOWA
Nazwa osobowa WALDENFELS, Bernhard
Daty związane z nazwą (1934- )
245 10 - TYTUŁ/ODPOWIEDZIALNOŚĆ
Tytuł Topografia obcego :
Ciąg dalszy tytułu studia z fenomenologii obcego /
Pozostałe elementy strefy tytułu i oznaczenia odpowiedzialności Bernhard Waldenfels ; przeł. Janusz Sidorek.
246 ## - WARIANT TYTUŁU
Treść wyrażenia wprowadzającego Tyt. oryg.:
Tytuł Topographie des Fremden, Studien zur Phënomenologie des Fremden
260 ## - STREFA ADRESU WYDAWNICZEGO
Miejsce wydania Warszawa :
Nazwa wydawcy/dystrybutora Oficyna Naukowa,
Data publikacji, dystrybucji/powstania dokumentu 2002.
300 ## - STREFA OPISU FIZYCZNEGO
Objętość 258 s. ;
Rozmiary 20 cm.
490 1# - STREFA SERII I DOKUMENTU WIELOCZĘŚCIOWEGO - FORMA NIE DO WYSZUKIWANIA
Tytuł i oznaczenie odpowiedzialności serii Terminus ;
Numeracja w obrębie serii 29
500 ## - UWAGI OGÓLNE
Tekst uwagi Tyt. oryg.;"Topographie des Fremden, Studien zur Phënomenologie des Fremden", 1997.
504 ## - UWAGA DOTYCZĄCA BIBLIOGRAFII
Informacje o bibliografii Bibliogr.
600 19 - HASŁO PRZEDMIOTOWE W FORMIE NAZWY OSOBOWEJ
Nazwa osobowa Waldenfels, Bernhard (1934-)
Określnik ogólny twórczość
650 #9 - HASŁO PRZEDMIOTOWE W FORMIE NAZWY OGÓLNEJ LUB JEDNOSTKOWEJ
Nazwa ogólna lub geograficzna Fenomenologia
Określnik ogólny historia
Określnik geograficzny Niemcy
Określnik chronologiczny 20 w.
650 #9 - HASŁO PRZEDMIOTOWE W FORMIE NAZWY OGÓLNEJ LUB JEDNOSTKOWEJ
Nazwa ogólna lub geograficzna Fenomenologia
Określnik ogólny historia
Określnik geograficzny Niemcy
Określnik chronologiczny 20 w.
830 ## - HASŁO DODATKOWE SERII LUB DOKUMENTU WIELOCZĘŚCIOWEGO - TYTUŁ UJEDNOLICONY
Tytuł ujednolicony Terminus ;
856 ## - LOKALIZACJA I DOSTĘP DO ELEKTRONICZNYCH DOKUMENTÓW ZDALNYCH
Link (URL) http://koha.tu.koszalin.pl/cgi-bin/koha/opac-detail.pl?biblionumber=41872
Tekst linku Katalog online BPK
942 ## - DODATKOWE ELEMENTY (KOHA)
Typ dokumentu Książka
Egzemplarze
Wycofany Status egzemplarza Uszkodzony Dostępność Lokalizacja stała Lokalizacja bieżąca Miejsce przechowywania Sygnatura Kod kreskowy Typ dokumentu
      Dostępny Biblioteka Politechniki Koszalińskiej Biblioteka Politechniki Koszalińskiej Wypożyczalnia BG 64922 01895971 Książka
      Dostępny Biblioteka Politechniki Koszalińskiej Biblioteka Politechniki Koszalińskiej Wypożyczalnia BG 64924 01895957 Książka
© 2023 Biblioteka Politechniki Koszalińskiej :: KOHA